Lịch sử Đảng
محفوظ في:
| التنسيق: | كتاب |
|---|---|
| اللغة: | Undetermined |
| منشور في: |
Hà Nội
Viện Lịch sử Đảng. Học viện chính trị quốc gia Hồ Chí Minh
|
| الموضوعات: | |
| الوسوم: |
إضافة وسم
لا توجد وسوم, كن أول من يضع وسما على هذه التسجيلة!
|
| Thư viện lưu trữ: | Trung tâm Học liệu Trường Đại học Cần Thơ |
|---|
| LEADER | 00629nam a2200169Ia 4500 | ||
|---|---|---|---|
| 001 | CTU_229217 | ||
| 008 | 210402s9999 xx 000 0 und d | ||
| 082 | |a 324.2 | ||
| 082 | |b L302 | ||
| 245 | 0 | |a Lịch sử Đảng | |
| 245 | 0 | |c Viện Lịch sử Đảng. Học viện chính trị quốc gia Hồ Chí Minh | |
| 260 | |a Hà Nội | ||
| 260 | |b Viện Lịch sử Đảng. Học viện chính trị quốc gia Hồ Chí Minh | ||
| 650 | |a Communist parties,Đảng cộng sản | ||
| 650 | |z Vietnam,Việt Nam | ||
| 904 | |i T.Trang | ||
| 980 | |a Trung tâm Học liệu Trường Đại học Cần Thơ | ||